<?xml version="1.0" encoding="UTF-8"?>
<record
    xmlns:xsi="http://www.w3.org/2001/XMLSchema-instance"
    xsi:schemaLocation="http://www.loc.gov/MARC21/slim http://www.loc.gov/standards/marcxml/schema/MARC21slim.xsd"
    xmlns="http://www.loc.gov/MARC21/slim">

  <leader>01012cam a22003252  4500</leader>
  <datafield tag="999" ind1=" " ind2=" ">
    <subfield code="c">3736</subfield>
    <subfield code="d">3736</subfield>
  </datafield>
  <controlfield tag="001">012807787</controlfield>
  <controlfield tag="003">ALUPE UNIVERSITY</controlfield>
  <controlfield tag="005">20220207064615.0</controlfield>
  <controlfield tag="008">791204s1980    nyua     b    001 0 eng  </controlfield>
  <datafield tag="010" ind1=" " ind2=" ">
    <subfield code="a">79028305 //r943</subfield>
  </datafield>
  <datafield tag="020" ind1=" " ind2=" ">
    <subfield code="a">0838512003 (pbk.)</subfield>
  </datafield>
  <datafield tag="035" ind1=" " ind2=" ">
    <subfield code="a">OCLC ocm05831647 from D970806M</subfield>
  </datafield>
  <datafield tag="040" ind1=" " ind2=" ">
    <subfield code="a">DLC</subfield>
    <subfield code="c">ALUPE UNIVERSITY</subfield>
    <subfield code="d">VET</subfield>
    <subfield code="d">NLM</subfield>
    <subfield code="d">EQO</subfield>
  </datafield>
  <datafield tag="050" ind1="0" ind2="0">
    <subfield code="a">RT84.5</subfield>
    <subfield code="b">.R53 1980</subfield>
  </datafield>
  <datafield tag="060" ind1="0" ind2=" ">
    <subfield code="a">WY 100</subfield>
    <subfield code="b">C744 1980</subfield>
  </datafield>
  <datafield tag="082" ind1="0" ind2="0">
    <subfield code="a">610.73/01</subfield>
  </datafield>
  <datafield tag="100" ind1="1" ind2=" ">
    <subfield code="a">Riehl-Sisca, Joan.</subfield>
  </datafield>
  <datafield tag="245" ind1="0" ind2="0">
    <subfield code="a">Conceptual models for nursing practice /</subfield>
    <subfield code="c">[edited by] Joan P. Riehl, Callista Roy.</subfield>
  </datafield>
  <datafield tag="250" ind1=" " ind2=" ">
    <subfield code="a">2d ed.</subfield>
  </datafield>
  <datafield tag="260" ind1=" " ind2=" ">
    <subfield code="a">New York :</subfield>
    <subfield code="b">Appleton-Century-Crofts,</subfield>
    <subfield code="c">c1980.</subfield>
  </datafield>
  <datafield tag="300" ind1=" " ind2=" ">
    <subfield code="a">xvi, 416 p. :</subfield>
    <subfield code="b">ill. ;</subfield>
    <subfield code="c">23 cm.</subfield>
  </datafield>
  <datafield tag="504" ind1=" " ind2=" ">
    <subfield code="a">Includes bibliographies and index.</subfield>
  </datafield>
  <datafield tag="650" ind1=" " ind2="0">
    <subfield code="a">Nursing</subfield>
    <subfield code="x">Philosophy.</subfield>
  </datafield>
  <datafield tag="650" ind1=" " ind2="0">
    <subfield code="a">Nursing models.</subfield>
  </datafield>
  <datafield tag="650" ind1=" " ind2="2">
    <subfield code="a">Models, Theoretical</subfield>
  </datafield>
  <datafield tag="650" ind1=" " ind2="2">
    <subfield code="a">Nursing</subfield>
  </datafield>
  <datafield tag="700" ind1="1" ind2=" ">
    <subfield code="a">Roy, Callista.</subfield>
  </datafield>
  <datafield tag="942" ind1=" " ind2=" ">
    <subfield code="2">lcc</subfield>
    <subfield code="c">BK</subfield>
    <subfield code="n">BA</subfield>
  </datafield>
  <datafield tag="952" ind1=" " ind2=" ">
    <subfield code="0">0</subfield>
    <subfield code="1">0</subfield>
    <subfield code="2">lcc</subfield>
    <subfield code="4">0</subfield>
    <subfield code="7">0</subfield>
    <subfield code="a">MLIB</subfield>
    <subfield code="b">MLIB</subfield>
    <subfield code="c">OS</subfield>
    <subfield code="d">2022-02-07</subfield>
    <subfield code="e">DONATION FROM MOI UNIVERSITY</subfield>
    <subfield code="l">0</subfield>
    <subfield code="o">RT84.5 .R54 1980 C1</subfield>
    <subfield code="p">28005250</subfield>
    <subfield code="r">2022-02-07</subfield>
    <subfield code="t">1</subfield>
    <subfield code="w">2022-02-07</subfield>
    <subfield code="y">BK</subfield>
    <subfield code="z">BA</subfield>
  </datafield>
  <datafield tag="952" ind1=" " ind2=" ">
    <subfield code="0">0</subfield>
    <subfield code="1">0</subfield>
    <subfield code="2">lcc</subfield>
    <subfield code="4">0</subfield>
    <subfield code="7">0</subfield>
    <subfield code="a">MLIB</subfield>
    <subfield code="b">MLIB</subfield>
    <subfield code="c">OS</subfield>
    <subfield code="d">2022-03-29</subfield>
    <subfield code="e">DONATION FROM MOI UNIVERSITY</subfield>
    <subfield code="l">0</subfield>
    <subfield code="o">RT84.5 .R54 1980 C2</subfield>
    <subfield code="p">28011687</subfield>
    <subfield code="r">2022-03-29</subfield>
    <subfield code="t">2</subfield>
    <subfield code="w">2022-03-29</subfield>
    <subfield code="y">BK</subfield>
    <subfield code="z">WO</subfield>
  </datafield>
  <datafield tag="952" ind1=" " ind2=" ">
    <subfield code="0">0</subfield>
    <subfield code="1">0</subfield>
    <subfield code="2">lcc</subfield>
    <subfield code="4">0</subfield>
    <subfield code="7">0</subfield>
    <subfield code="a">MLIB</subfield>
    <subfield code="b">MLIB</subfield>
    <subfield code="c">OS</subfield>
    <subfield code="d">2022-03-31</subfield>
    <subfield code="e">DONATION FROM MOI UNIVERSITY</subfield>
    <subfield code="l">0</subfield>
    <subfield code="o">RT84.5 .R53 1980 C3</subfield>
    <subfield code="p">28007197</subfield>
    <subfield code="r">2022-03-31</subfield>
    <subfield code="t">3</subfield>
    <subfield code="w">2022-03-31</subfield>
    <subfield code="y">BK</subfield>
    <subfield code="z">PW</subfield>
  </datafield>
  <datafield tag="952" ind1=" " ind2=" ">
    <subfield code="0">0</subfield>
    <subfield code="1">0</subfield>
    <subfield code="2">lcc</subfield>
    <subfield code="4">0</subfield>
    <subfield code="7">0</subfield>
    <subfield code="a">MLIB</subfield>
    <subfield code="b">MLIB</subfield>
    <subfield code="c">OS</subfield>
    <subfield code="d">2022-04-05</subfield>
    <subfield code="e">DONATION FROM MOI UNIVERSITY</subfield>
    <subfield code="l">0</subfield>
    <subfield code="o">RT84.5 .R53 1980 C4</subfield>
    <subfield code="p">28007827</subfield>
    <subfield code="r">2022-04-05</subfield>
    <subfield code="t">4</subfield>
    <subfield code="w">2022-04-05</subfield>
    <subfield code="y">BK</subfield>
    <subfield code="z">PW</subfield>
  </datafield>
</record>
